000 00338nam a2200133 i 4500
001 bg
100 1 _aKONECKI, Wacław
245 0 _aNowe materiały i techniki krycia dachów /
_cWacław Konecki.
260 _aWarszawa :
_b"Arkady",
_c1980.
040 _cBPK
041 _apol
942 _cKS
008 s pl f |000 0 pol
999 _c21620
_d21620
856 _uhttp://koha.tu.koszalin.pl/cgi-bin/koha/opac-detail.pl?biblionumber=21620
_yKatalog online BPK